[Event "King's Gambit Round One"]
[Site "SchemingMind.com"]
[Date "2007.12.06"]
[Round "-"]
[White "jhobeck"]
[Black "Dr_Pat"]
[Result "0-1"]
[WhiteCountry "USA"]
[BlackCountry "USA"]
[WhiteElo "1326"]
[WhiteRD "75"]
[BlackElo "1543"]
[BlackRD "50"]
[GameID "131875"]

1. e4 e5 2. f4 exf4 3. Nf3 g5 4. d4 g4 5. Bxf4 gxf3 6. Qxf3 Nc6 7. Nc3 Nxd4 8. Bxc7 Nxf3+ 9. gxf3 Qxc7 10. O-O-O Nf6
0-1

[Event "King's Gambit Round One"]
[Site "SchemingMind.com"]
[Date "2007.12.04"]
[Round "-"]
[White "mrbiggs"]
[Black "Dr_Pat"]
[Result "0-1"]
[WhiteCountry "USA"]
[BlackCountry "USA"]
[WhiteElo "1499"]
[WhiteRD "86"]
[BlackElo "1543"]
[BlackRD "50"]
[GameID "131876"]

1. e4 e5 2. f4 exf4 3. Nf3 g5 4. Bc4 g4 5. Ne5 Nh6 6. O-O d6 7. Nd3 f3 8. gxf3 Rg8 9. f4 Qh4 10. Qe2 g3
11. f5 g2 12. Rf2 Qxh2+ 13. Kxh2 g1=Q+
0-1

[Event "King's Gambit Round One"]
[Site "SchemingMind.com"]
[Date "2007.12.06"]
[Round "-"]
[White "mmccaffe"]
[Black "cnbcad"]
[Result "0-1"]
[WhiteCountry "USA"]
[BlackCountry "USA"]
[WhiteElo "1560"]
[WhiteRD "54"]
[BlackElo "1503"]
[BlackRD "59"]
[GameID "132108"]

1. e4 e5 2. f4 exf4 3. Nf3 d6 4. d4 g5 5. h4 g4 6. Ng1 Bh6 7. Bc4 Be6 8. Bxe6 fxe6 9. g3 f3 10. Bxh6 Nxh6
11. Nxf3 gxf3 12. Qxf3 Rf8 13. Qh5+ Nf7 14. Qxh7 Nc6 15. d5 exd5 16. Nc3 Qd7 17. O-O-O O-O-O 18. exd5 Nce5 19. g4 Nxg4 20. h5 Nf2
21. h6 Nxd1 22. Rxd1 Rh8
0-1

[Event "King's Gambit Round One"]
[Site "SchemingMind.com"]
[Date "2007.12.05"]
[Round "-"]
[White "mmccaffe"]
[Black "Brerrabbit"]
[Result "0-1"]
[WhiteCountry "USA"]
[BlackCountry "SCO"]
[WhiteElo "1494"]
[WhiteRD "66"]
[BlackElo "1384"]
[BlackRD "77"]
[GameID "132109"]

1. e4 e5 2. f4 exf4 3. Nf3 Be7 4. d4 Bh4+ 5. Ke2 Bg5 6. h4 Be7 7. Bxf4 Nf6 8. Ke1 Nxe4 9. Bc4 d5 10. Qe2 Ng3
0-1

[Event "King's Gambit Round One"]
[Site "SchemingMind.com"]
[Date "2007.12.07"]
[Round "-"]
[White "mmccaffe"]
[Black "olivsan"]
[Result "1-0"]
[WhiteCountry "USA"]
[BlackCountry "BRA"]
[WhiteElo "1576"]
[WhiteRD "52"]
[BlackElo "1541"]
[BlackRD "76"]
[GameID "132110"]

1. e4 e5 2. f4 Bc5 3. Nf3 d6 4. Bc4 Be6 5. Bxe6 fxe6 6. d3 exf4 7. Bxf4 h6 8. d4 Bb4+ 9. c3 Ba5 10. Nbd2 Nf6
11. Qe2 Nc6 12. O-O O-O 13. Be3 Ng4 14. h3 Nf6 15. g4 g5 16. Nxg5 Qe7 17. Nxe6 Qxe6 18. Bxh6 Rf7 19. g5 Qxh3 20. Rxf6 Rxf6
21. gxf6 Qxh6 22. Qg2+ Kf7 23. e5 dxe5 24. Qd5+ Kxf6 25. Rf1+ Ke7 26. Rf7+
1-0

[Event "King's Gambit Round One"]
[Site "SchemingMind.com"]
[Date "2007.12.09"]
[Round "-"]
[White "mmccaffe"]
[Black "pardesi"]
[Result "1/2-1/2"]
[WhiteCountry "USA"]
[BlackCountry "USA"]
[WhiteElo "1560"]
[WhiteRD "54"]
[BlackElo "1514"]
[BlackRD "62"]
[GameID "132111"]

1. e4 e5 2. f4 exf4 3. Bc4 d6 4. Nf3 h6 5. O-O Nc6 6. Nc3 g5 7. h4 g4 8. Nh2 Qxh4 9. e5 dxe5 10. d4 Nxd4
11. Bxf4 exf4 12. Qxd4 Nf6 13. Rfe1+ Be7 14. Nd5 Nxd5 15. Qxh8+ Kd7 16. Bxd5 Bc5+ 17. Kh1 g3 18. Qe8+ Kd6 19. Qe5+ Kd7 20. Qe8+ Kd6
21. Qe5+=
1/2-1/2

[Event "King's Gambit Round One"]
[Site "SchemingMind.com"]
[Date "2007.12.05"]
[Round "-"]
[White "mmccaffe"]
[Black "Dr_Pat"]
[Result "0-1"]
[WhiteCountry "USA"]
[BlackCountry "USA"]
[WhiteElo "1494"]
[WhiteRD "66"]
[BlackElo "1543"]
[BlackRD "50"]
[GameID "132112"]

1. e4 e5 2. f4 exf4 3. Nf3 g5 4. h4 g4 5. Ng1 d5 6. exd5 Qxd5 7. Nc3 Qe6+ 8. Qe2 Nc6 9. d3 Nd4 10. Qxe6+ fxe6
11. Kd2 Nf5 12. Kd1 e5 13. Nge2 f3 14. gxf3 gxf3 15. Ng1 Ng3
0-1

[Event "King's Gambit Round One"]
[Site "SchemingMind.com"]
[Date "2007.12.10"]
[Round "-"]
[White "mmccaffe"]
[Black "cnile"]
[Result "0-1"]
[WhiteCountry "USA"]
[BlackCountry "SCO"]
[WhiteElo "1576"]
[WhiteRD "52"]
[BlackElo "1418"]
[BlackRD "71"]
[GameID "132113"]

1. e4 e5 2. f4 Bc5 3. Nf3 d6 4. Bc4 Nc6 5. d3 Bg4 6. h3 Bxf3 7. Qxf3 Nd4 8. Qd1 Qh4+ 9. Kf1 Nf5 10. Qf3 Nd4
11. Qd1 Nb3 12. Qf3 Nxa1 13. fxe5 O-O-O
0-1

[Event "King's Gambit Round One"]
[Site "SchemingMind.com"]
[Date "2007.12.05"]
[Round "-"]
[White "mmccaffe"]
[Black "rao"]
[Result "1/2-1/2"]
[WhiteCountry "USA"]
[BlackCountry "INT"]
[WhiteElo "1494"]
[WhiteRD "66"]
[BlackElo "1564"]
[BlackRD "67"]
[GameID "132114"]

1. e4 e5 2. f4 exf4 3. Nf3 Bc5 4. d4 Bb6 5. Bc4 Qf6 6. e5 Qg6 7. Qe2 Nc6 8. Bd3 Qg5 9. Nxg5 Nxd4 10. Qd1 h6
11. Qh5 g6 12. Bxg6=
1/2-1/2

[Event "King's Gambit Round One"]
[Site "SchemingMind.com"]
[Date "2007.12.07"]
[Round "-"]
[White "mmccaffe"]
[Black "jhobeck"]
[Result "1-0"]
[WhiteCountry "USA"]
[BlackCountry "USA"]
[WhiteElo "1560"]
[WhiteRD "54"]
[BlackElo "1282"]
[BlackRD "71"]
[GameID "132115"]

1. e4 e5 2. f4 Bc5 3. Nf3 Nc6 4. Bc4 Nf6 5. Nxe5 d6 6. Nxf7 Bg4 7. Nxd8 Bxd1 8. Nxb7 Nd4 9. Kxd1 Nxe4 10. Nxc5 dxc5
11. Re1 O-O-O 12. Rxe4 Nc6 13. d3 Nb4 14. a3 Nc6 15. Nc3 Rhf8 16. Bd2
1-0

[Event "King's Gambit Round One"]
[Site "SchemingMind.com"]
[Date "2007.12.05"]
[Round "-"]
[White "mmccaffe"]
[Black "mrbiggs"]
[Result "0-1"]
[WhiteCountry "USA"]
[BlackCountry "USA"]
[WhiteElo "1567"]
[WhiteRD "55"]
[BlackElo "1521"]
[BlackRD "80"]
[GameID "132116"]

1. e4 e5 2. f4 exf4 3. Nf3 d6 4. d4 g5 5. h4 g4 6. Ng1 Bh6 7. Bc4 Nf6 8. g3 Nh5 9. gxf4 Nxf4 10. Ne2 Ng2+
11. Kf1 Ne3+ 12. Bxe3 Bxe3 13. Ke1 Qf6 14. Rf1 Qxh4+
0-1

[Event "King's Gambit Round One"]
[Site "SchemingMind.com"]
[Date "2007.12.06"]
[Round "-"]
[White "cnbcad"]
[Black "mmccaffe"]
[Result "1-0"]
[WhiteCountry "USA"]
[BlackCountry "USA"]
[WhiteElo "1556"]
[WhiteRD "54"]
[BlackElo "1576"]
[BlackRD "52"]
[GameID "132117"]

1. e4 e5 2. f4 exf4 3. Nf3 d5 4. exd5 Nf6 5. c4 c6 6. Qa4 Bd7 7. Qb3 Qc7 8. d4 cxd5 9. c5 Nc6 10. Bb5 a6
11. Ba4 Be7 12. Bxc6 bxc6 13. O-O O-O 14. Ne5 Bxc5 15. Nxd7 Bxd4+ 16. Kh1 Qxd7 17. Nc3 Bxc3 18. Qxc3 Ne4 19. Qf3 Qf5 20. Bxf4 g5
21. Be3 Qxf3 22. gxf3 Nf6 23. Bxg5 Nd7 24. Rg1 Kh8 25. Bh6 Rg8 26. Rge1 Rae8 27. Be3 Rg6 28. Bd4+
1-0

[Event "King's Gambit Round One"]
[Site "SchemingMind.com"]
[Date "2007.12.05"]
[Round "-"]
[White "Brerrabbit"]
[Black "mmccaffe"]
[Result "0-1"]
[WhiteCountry "SCO"]
[BlackCountry "USA"]
[WhiteElo "1372"]
[WhiteRD "74"]
[BlackElo "1567"]
[BlackRD "55"]
[GameID "132118"]

1. e4 e5 2. f4 exf4 3. Nf3 d5 4. e5 Nc6 5. d4 Bg4 6. Bxf4 Be7 7. Bg3 Qd7 8. h3 Bh5 9. Be2 Nh6 10. Nc3 Nf5
11. Qd2 Nxg3 12. Rg1 Nxe2 13. Qxe2 Bg4 14. e6 Bxe6 15. Ne5 Nxe5 16. Qxe5 Bf6 17. Qe3 O-O-O 18. O-O-O Rhe8 19. g4 Bxg4 20. Ne4 Rxe4
21. Qd3 Bxd1 22. Qxd1 Rde8 23. c3 Qe6
0-1

[Event "King's Gambit Round One"]
[Site "SchemingMind.com"]
[Date "2007.12.06"]
[Round "-"]
[White "olivsan"]
[Black "mmccaffe"]
[Result "1/2-1/2"]
[WhiteCountry "BRA"]
[BlackCountry "USA"]
[WhiteElo "1541"]
[WhiteRD "76"]
[BlackElo "1576"]
[BlackRD "52"]
[GameID "132119"]

1. e4 e5 2. f4 exf4 3. Nf3 d5 4. exd5 Nf6 5. Bc4 c6 6. Nc3 cxd5 7. Bb5+ Bd7 8. Bxd7+ Qxd7 9. d4 Bb4 10. O-O O-O
11. Bxf4 Nc6 12. a3 Bd6 13. Bxd6 Qxd6 14. Re1 Rfe8 15. Rxe8+ Nxe8 16. Qd3 Nf6 17. Re1 Re8 18. Rxe8+ Nxe8 19. Ng5 Nf6 20. Qf5 Nxd4
21. Qc8+ Qf8 22. Qxb7 Qe8 23. h3 h6 24. Qxa7 Nxc2 25. Nf3 d4 26. Nxd4=
1/2-1/2

[Event "King's Gambit Round One"]
[Site "SchemingMind.com"]
[Date "2007.12.09"]
[Round "-"]
[White "pardesi"]
[Black "mmccaffe"]
[Result "1-0"]
[WhiteCountry "USA"]
[BlackCountry "USA"]
[WhiteElo "1514"]
[WhiteRD "62"]
[BlackElo "1560"]
[BlackRD "54"]
[GameID "132120"]

1. e4 e5 2. f4 exf4 3. Bc4 d5 4. Bxd5 Nf6 5. Nf3 Nxd5 6. exd5 Bc5 7. c4 a6 8. d3 Qe7+ 9. Qe2 Qxe2+ 10. Kxe2 O-O
11. Bxf4 Re8+ 12. Kd1 c6 13. Nc3 b5 14. Kc2 b4 15. Na4 Ba7 16. Rae1 Rxe1 17. Rxe1 Bd7 18. Be3 Bxe3 19. Rxe3 cxd5 20. Nb6
1-0

[Event "King's Gambit Round One"]
[Site "SchemingMind.com"]
[Date "2007.12.05"]
[Round "-"]
[White "Dr_Pat"]
[Black "mmccaffe"]
[Result "1-0"]
[WhiteCountry "USA"]
[BlackCountry "USA"]
[WhiteElo "1543"]
[WhiteRD "50"]
[BlackElo "1494"]
[BlackRD "66"]
[GameID "132121"]

1. e4 e5 2. f4 exf4 3. Nf3 d5 4. exd5 Nf6 5. c4 c6 6. d4 cxd5 7. c5 Nc6 8. Bxf4 Bg4 9. Nc3 Qe7+ 10. Be2 Bxf3
11. gxf3 Nh5 12. Bg3 Nxg3 13. hxg3 Qe3 14. Nxd5 Qxd4 15. Nc7+
1-0

[Event "King's Gambit Round One"]
[Site "SchemingMind.com"]
[Date "2007.12.10"]
[Round "-"]
[White "cnile"]
[Black "mmccaffe"]
[Result "0-1"]
[WhiteCountry "SCO"]
[BlackCountry "USA"]
[WhiteElo "1418"]
[WhiteRD "71"]
[BlackElo "1576"]
[BlackRD "52"]
[GameID "132122"]

1. e4 e5 2. f4 exf4 3. Nf3 d6 4. d4 g5 5. Bc4 g4 6. O-O gxf3 7. Qxf3 Be6 8. Bxe6 fxe6 9. Qxf4 Qe7 10. Nc3 Nd7
11. Bd2 O-O-O 12. d5 e5 13. Qf5 Qf6 14. Qg4 Qg6 15. Qe2 Ngf6 16. Rae1 Rg8 17. Qf2 Kb8 18. Nb5 b6 19. Ba5 Nxe4 20. Qe2 Ng5
21. Qc4 Nh3+ 22. Kh1 Qxg2#
0-1

[Event "King's Gambit Round One"]
[Site "SchemingMind.com"]
[Date "2007.12.05"]
[Round "-"]
[White "rao"]
[Black "mmccaffe"]
[Result "0-1"]
[WhiteCountry "INT"]
[BlackCountry "USA"]
[WhiteElo "1556"]
[WhiteRD "72"]
[BlackElo "1567"]
[BlackRD "55"]
[GameID "132123"]

1. e4 e5 2. f4 exf4 3. d4 Qh4+ 4. Ke2 d5 5. e5 Bg4+ 6. Nf3 Bxf3+ 7. gxf3 Nc6 8. Nc3 O-O-O 9. Bg2 f6 10. Qd3 fxe5
11. Qf5+ Kb8 12. dxe5 Nd4+ 13. Kd3 Nxf5 14. Bd2 c5 15. b3 c4+ 16. Ke2 Nd4+ 17. Kf1 Nxc2 18. Rc1 Bc5 19. Ke2 Qf2+ 20. Kd1 Ne3+
21. Bxe3 Bxe3 22. Rc2 Qh4 23. Ne2 d4 24. Rxc4 d3 25. Nc3 Ne7 26. Ne4 Rc8 27. Nd6 Rxc4 28. Nxc4 Nd5 29. Nxe3 Nxe3+ 30. Kd2 Qf2+
31. Kxd3 Qc2+ 32. Kd4 Rd8#
0-1

[Event "King's Gambit Round One"]
[Site "SchemingMind.com"]
[Date "2007.12.06"]
[Round "-"]
[White "jhobeck"]
[Black "mmccaffe"]
[Result "0-1"]
[WhiteCountry "USA"]
[BlackCountry "USA"]
[WhiteElo "1282"]
[WhiteRD "71"]
[BlackElo "1560"]
[BlackRD "54"]
[GameID "132124"]

1. e4 e5 2. f4 exf4 3. Nf3 d5 4. exd5 Nf6 5. Bc4 c6 6. Nc3 Nxd5 7. Qe2+ Be7 8. O-O O-O 9. Ne4 Nf6 10. Neg5 h6
11. Ne4 Re8 12. d3 Bg4 13. Bxf4 Bxf3 14. Qxf3 b5 15. Bxh6 bxc4 16. Bg5 cxd3 17. Rf2 Nbd7 18. cxd3 Bc5
0-1

[Event "King's Gambit Round One"]
[Site "SchemingMind.com"]
[Date "2007.12.05"]
[Round "-"]
[White "mrbiggs"]
[Black "mmccaffe"]
[Result "1-0"]
[WhiteCountry "USA"]
[BlackCountry "USA"]
[WhiteElo "1594"]
[WhiteRD "73"]
[BlackElo "1560"]
[BlackRD "54"]
[GameID "132125"]

1. e4 e5 2. f4 exf4 3. Nf3 d5 4. exd5 Nf6 5. Bb5+ c6 6. dxc6 Nxc6 7. O-O Bc5+ 8. d4 Bb6 9. Bxf4 O-O 10. c3 Bg4
11. h3 Bh5 12. Qd3 Bg6 13. Qd2 a6 14. Bd3 Re8 15. Na3 Nd5 16. Bxg6 hxg6 17. Nc4 Ba7 18. Bg3 b5 19. Nce5 Nxe5 20. Nxe5 Qc7
21. Qd3 Rxe5 22. Bxe5 Qxe5 23. Kh1 Qg5 24. Qf3 Rf8 25. Rae1 Bb8 26. Re4 Bf4 27. Rxf4 Nxf4 28. Qxf4 Qxf4 29. Rxf4 Re8 30. Rf2 Re1+
31. Kh2 Ra1 32. a3 Re1 33. Kg3 f6 34. Rd2 Kf7 35. Kf3 g5 36. Re2 Rf1+ 37. Ke4 Rf4+ 38. Kd5 Rf5+ 39. Kc6
1-0